000 01158nam a2200217 a 4500
008 190124s2015 ||||||||||||||||| || u
020 _a9781292057040
050 _aHD 58.7 Rob
100 _aJudge, Timothy A
245 1 0 _aOrganizational behavior. (16th ed.)
_cBy Stephen P. Robbins; Timothy A. Judge
250 _a16th edition
260 _aBoston
_bPearson
_c2015
300 _a741p.: ill.
350 _a146.24
650 0 _aORGANIZATIONAL BEHAVIOR
700 _aRobbins, Stephen P
995 _FCBU-MAIN LIBRARY (Kitwe)
_I146.24
_M3
_UAVAILABLE
_WJan 28, 2019
_ZAnnex Low-Usage Collection
995 _FCBU-MAIN LIBRARY (Kitwe)
_I146.24
_M2
_UAVAILABLE
_WJan 28, 2019
_ZMain Library Open Access Collection
995 _FCBU-MAIN LIBRARY (Kitwe)
_I146.24
_M1
_UAVAILABLE
_WJan 28, 2019
_ZAnnex Low-Usage Collection
995 _FCBU-MAIN LIBRARY (Kitwe)
_I146.24
_M4
_UAVAILABLE
_WJan 28, 2019
_ZAnnex Low-Usage Collection
999 _c81669
_d81669